IFM Opac

Management Theory and Practice (Record no. 22098)

MARC details
000 -LEADER
fixed length control field 00436nam a22001697a 4500
020 ## - INTERNATIONAL STANDARD BOOK NUMBER
ISBN 978-1-4737-6972-4
082 ## - DEWEY DECIMAL CLASSIFICATION NUMBER
Classification number 658
100 ## - MAIN ENTRY--AUTHOR NAME
Personal name Cole, G. A.
245 ## - TITLE STATEMENT
Title Management Theory and Practice
250 ## - EDITION STATEMENT
Edition statement 9th
260 ## - PUBLICATION, DISTRIBUTION, ETC. (IMPRINT)
Place of publication Australia:
Name of publisher Cengage Learning,
Year of publication 2020
300 ## - PHYSICAL DESCRIPTION
Number of Pages x, 692p.: ill.; 26 cm
500 ## - GENERAL NOTE
General note TABLE OF CONTENT:
504 ## - BIBLIOGRAPHY, ETC. NOTE
Bibliography, etc Includes Bibliographical Reference and Index
700 ## - ADDED ENTRY--PERSONAL NAME
Personal name Kelly, Phil
942 ## - ADDED ENTRY ELEMENTS (KOHA)
Koha item type Books
Holdings
Withdrawn status Lost status Damaged status Not for loan Collection code Permanent Location Current Location Shelving location Date acquired Source of acquisition Full call number Accession Number Price effective from Koha item type
        Non-fiction IFM Main Campus Library IFM Main Campus Library Work Room processing 08/22/2025 Donation 658 COL 0000030239 08/22/2025 Books
        Non-fiction IFM Main Campus Library IFM Main Campus Library Work Room processing 08/22/2025 Donation 658 COL 0000030240 08/22/2025 Books